[Event "Thüringenliga 2024/25"]
[Site "?"]
[Date "2025.04.27"]
[Round "8.7"]
[White "Weber, Jakob"]
[Black "Bönisch, Julian"]
[Result "1/2-1/2"]
[WhiteElo "1564"]
[BlackElo "1843"]
[PlyCount "38"]
[EventDate "2024.09.15"]
[EventType "team-tourn"]
[EventRounds "9"]
[WhiteTeam "ESV Lok Sömmerda"]
[BlackTeam "SV Schott Jena"]

{[%evp 0,38,20,23,17,21,40,47,46,37,71,45,26,21,46,15,5,-16,12,-52,-46,-45,-16,-32,111,78,88,-48,-30,-38,-61,-68,26,41,-6,-19,84,-28,-19,-36,0]} 1. d4 Nf6 2. Bf4 g6 3. Nc3 Bg7 4. e4 d6 5. Qd2 O-O 6. O-O-O c6 7. f3 b5 8. Bh6 Qa5 9. h4 b4 10. Nb1 Be6 11. h5 g5 12. Bxg7 Kxg7 13. e5 dxe5 14. Qxg5+ Kh8 15. dxe5 Rg8 16. Qf4 Nd5 17. Qe4 Qc5 18. Qd4 Qxd4 19. Rxd4 Nd7 1/2-1/2

[Event "Thüringenliga 2024/25"]
[Site "?"]
[Date "2025.04.27"]
[Round "8.8"]
[White "Brömel, Richard"]
[Black "Schrödter, Sascha"]
[Result "1-0"]
[WhiteElo "2001"]
[BlackElo "1320"]
[PlyCount "63"]
[EventDate "2024.09.15"]
[EventType "team-tourn"]
[EventRounds "9"]
[WhiteTeam "SV Schott Jena"]
[BlackTeam "ESV Lok Sömmerda"]

{[%evp 0,63,19,31,25,32,44,53,29,8,37,35,50,27,27,21,27,13,18,11,14,18,35,55,56,56,78,68,80,71,70,64,88,84,82,84,84,73,121,159,195,183,193,206,368,380,369,357,371,377,392,376,416,381,389,380,375,394,413,399,404,413,474,532,1025,1026]} 1. d4 Nf6 2. Nf3 g6 3. Bf4 Bg7 4. c3 d6 5. Nbd2 Bf5 6. Nh4 Qd7 7. Nxf5 Qxf5 8. e3 e5 9. Bg3 O-O 10. Bc4 exd4 11. cxd4 d5 12. Be2 c6 13. Qb3 b6 14. Rc1 Qe6 15. O-O Nbd7 16. Ba6 c5 17. Bb7 Rae8 18. Nf3 Ne4 19. Bxd5 Qf6 20. Bxe4 Rxe4 21. Qa4 Re7 22. Bh4 Qe6 23. Bxe7 Qxe7 24. Qxa7 Qd6 25. Rfd1 cxd4 26. exd4 Rd8 27. Qc7 Qxc7 28. Rxc7 Nc5 29. Kf1 Ne6 30. Rc6 Nxd4 31. Nxd4 Rxd4 32. Rc8+ 1-0

[Event "Thüringenliga 2024/25"]
[Site "?"]
[Date "2025.04.27"]
[Round "8.1"]
[White "Franke, Luca"]
[Black "Berger, Thomas"]
[Result "1/2-1/2"]
[WhiteElo "2035"]
[BlackElo "2111"]
[PlyCount "48"]
[EventDate "2024.09.15"]
[EventType "team-tourn"]
[EventRounds "9"]
[WhiteTeam "SV 1861 Liebschwitz"]
[BlackTeam "fuß brothers Jena"]

{[%evp 0,48,20,21,21,-11,9,37,69,74,70,52,67,67,65,49,62,31,31,33,30,27,29,17,7,18,23,42,44,45,48,58,49,44,46,53,71,75,79,96,96,98,98,104,142,87,102,89,96,25,86]} 1. d4 Nf6 2. c4 c5 3. d5 b5 4. cxb5 a6 5. bxa6 Bxa6 6. Nc3 g6 7. g3 Bg7 8. Bg2 d6 9. Nf3 O-O 10. O-O Nbd7 11. Qc2 Qc7 12. Rd1 Rfb8 13. Rb1 h6 14. h3 Qa7 15. b3 Rb4 16. a3 Rbb8 17. e4 Rc8 18. Be3 Qc7 19. a4 g5 20. Bf1 Bxf1 21. Rxf1 Nf8 22. Kg2 Ng6 23. Qe2 Qd7 24. Nh2 Rab8 1/2-1/2

[Event "Thüringenliga 2024/25"]
[Site "?"]
[Date "2025.04.27"]
[Round "8.2"]
[White "Zipfel, Frank"]
[Black "Hermannsdörfer, Frank"]
[Result "1-0"]
[WhiteElo "2008"]
[BlackElo "2091"]
[PlyCount "76"]
[EventDate "2024.09.15"]
[EventType "team-tourn"]
[EventRounds "9"]
[WhiteTeam "fuß brothers Jena"]
[BlackTeam "SV 1861 Liebschwitz"]

{[%evp 0,76,21,20,46,46,37,13,38,33,14,-9,21,-9,31,33,34,35,34,34,39,7,7,16,53,37,37,27,11,-17,-29,2,22,41,44,58,42,74,23,47,59,32,72,72,104,76,47,41,41,62,47,44,66,61,69,92,91,55,67,79,79,66,76,26,26,22,9,-5,4,-11,51,15,61,54,66,102,107,20,222]} 1. e4 c5 2. Nf3 e6 3. g3 d5 4. exd5 exd5 5. d4 Nc6 6. Bg2 Nf6 7. O-O Bg4 8. Re1+ Be7 9. dxc5 O-O 10. Nc3 Bxc5 11. Bg5 d4 12. Ne4 Be7 13. Bxf6 Bxf6 14. Qd2 Be7 15. Qf4 Bxf3 16. Qxf3 Nb4 17. Qb3 a5 18. c3 a4 19. Qd1 Nc6 20. cxd4 Nxd4 21. Nc3 Ne6 22. Bxb7 Rb8 23. Bd5 Rxb2 24. Nxa4 Rb4 25. Nc3 Rd4 26. Qb3 Nc5 27. Qc2 Bf6 28. Rad1 Qa5 29. Rxd4 Bxd4 30. Rc1 Nd7 31. Qd3 Qc5 32. Ne2 Bxf2+ 33. Kg2 Qa7 34. Rf1 Bc5 35. Nc3 Nb6 36. Bb3 Qe7 37. Ne4 Nd7 38. Qd5 Nf6 1-0

[Event "Thüringenliga 2024/25"]
[Site "?"]
[Date "2025.04.27"]
[Round "8.3"]
[White "Kitzig, Tobias"]
[Black "Latka, Richard"]
[Result "0-1"]
[WhiteElo "1868"]
[BlackElo "1903"]
[PlyCount "56"]
[EventDate "2024.09.15"]
[EventType "team-tourn"]
[EventRounds "9"]
[WhiteTeam "SV 1861 Liebschwitz"]
[BlackTeam "fuß brothers Jena"]

{[%evp 0,56,21,21,21,21,50,31,31,46,35,-10,11,12,12,8,100,-2,16,21,64,-19,76,48,47,47,63,58,52,40,40,6,19,-7,37,30,54,8,14,-65,-8,-10,-3,-61,-59,-15,-11,-26,-17,-84,-78,-91,-60,-512,-490,-594,-643,-648,-559]} 1. d4 Nf6 2. Nf3 g6 3. Bf4 Bg7 4. Nc3 d5 5. Nb5 Na6 6. e3 c6 7. Nc3 b6 8. Bd3 Nb4 9. Be2 Bf5 10. Rc1 c5 11. Ne5 cxd4 12. exd4 Bd7 13. Nxd7 Qxd7 14. Bb5 Nc6 15. Qe2 O-O 16. Be5 Rac8 17. O-O Qf5 18. Ba6 Rcd8 19. Qd3 Qe6 20. Bc7 Rd7 21. Rfe1 Nb4 22. Qb5 Qf5 23. Qxb4 Rxc7 24. Rxe7 Rxe7 25. Qxe7 Ng4 26. Qe2 Qf4 27. Qf3 Qxc1+ 28. Bf1 Nf6 0-1

[Event "Thüringenliga 2024/25"]
[Site "?"]
[Date "2025.04.27"]
[Round "8.4"]
[White "Wicklein, Stefan"]
[Black "Zeidler, Andreas"]
[Result "1/2-1/2"]
[WhiteElo "1940"]
[BlackElo "1996"]
[PlyCount "82"]
[EventDate "2024.09.15"]
[EventType "team-tourn"]
[EventRounds "9"]
[WhiteTeam "fuß brothers Jena"]
[BlackTeam "SV 1861 Liebschwitz"]

{[%evp 0,82,21,21,21,-11,-11,-16,-4,-21,0,3,23,24,21,17,54,47,72,68,77,21,72,72,82,61,57,49,55,66,58,45,46,47,41,33,35,32,34,39,36,18,13,16,36,19,42,25,25,17,9,23,37,37,0,5,49,9,0,1,16,2,1,-2,1,-6,0,0,0,0,0,0,0,0,0,0,0,0,0,0,0,0,0,0,0]} 1. d4 d5 2. c4 e6 3. Nf3 Nf6 4. g3 Bb4+ 5. Bd2 Bxd2+ 6. Nbxd2 O-O 7. Bg2 Ne4 8. O-O f5 9. Ne5 Nd7 10. Nxd7 Qxd7 11. Rc1 Nxd2 12. Qxd2 c6 13. Qf4 Qe7 14. Qe5 Qf6 15. Qxf6 Rxf6 16. f4 Bd7 17. Rc3 Rff8 18. Rb1 Rfc8 19. b4 b5 20. cxb5 cxb5 21. Rc5 Kf7 22. Rbc1 Rxc5 23. bxc5 b4 24. e3 a5 25. Bf1 Ba4 26. Be2 Ke7 27. Kf2 Kd7 28. Ke1 Kc6 29. Kd2 Ra7 30. Bd3 Rb7 31. Rb1 h5 32. h4 Bb5 33. Rc1 a4 34. Bxb5+ Kxb5 35. Kc2 Ra7 36. Kb2 Rb7 37. Rc2 Kc6 38. Rc1 Rb8 39. Rb1 Rb5 40. Rc1 Rb7 41. Rb1 Rb8 1/2-1/2

[Event "Thüringenliga 2024/25"]
[Site "?"]
[Date "2025.04.27"]
[Round "8.6"]
[White "Latka, Robert"]
[Black "Kastner, Peter"]
[Result "0-1"]
[WhiteElo "1890"]
[BlackElo "1954"]
[PlyCount "98"]
[EventDate "2024.09.15"]
[EventType "team-tourn"]
[EventRounds "9"]
[WhiteTeam "fuß brothers Jena"]
[BlackTeam "SV 1861 Liebschwitz"]

{[%evp 0,98,21,10,10,22,21,3,13,-19,-12,5,20,-12,-11,3,22,-20,-20,-11,11,-1,-7,-14,-1,-41,-29,-20,12,-22,41,23,29,24,24,19,30,-11,26,-11,26,-33,-76,-124,-99,-99,-79,-104,-104,-104,-77,-154,-129,-168,-121,-321,-321,-420,-487,-488,-524,-524,-267,-267,-251,-223,-291,-294,-308,-308,-329,-493,-415,-385,-482,-540,-575,-597,-357,-411,-339,-328,-361,-764,-803,-803,-264,-29989,-213,-522,-257,-1224,-1901,-29995,-897,-907,-917,-962,-973,-29997,-1309]} 1. e4 e5 2. Nf3 Nc6 3. Bb5 a6 4. Ba4 Nf6 5. O-O Be7 6. Re1 b5 7. Bb3 d6 8. c3 O-O 9. h3 Nb8 10. d4 Nbd7 11. Nbd2 Bb7 12. a4 c5 13. Bc2 Re8 14. Nf1 Bf8 15. Ng3 g6 16. Bg5 h6 17. Bd2 Bg7 18. Qe2 Qb6 19. Qd3 Rad8 20. Rad1 d5 21. Qf1 Nxe4 22. Nxe4 dxe4 23. Bxe4 Bxe4 24. Rxe4 exd4 25. Qe2 Rxe4 26. Qxe4 Nf6 27. Qh4 dxc3 28. bxc3 g5 29. Qg3 Ne4 30. Qg4 Nxc3 31. Re1 Qg6 32. h4 f5 33. Qg3 Ne4 34. Qc7 Qd6 35. Qb7 g4 36. Ba5 Rd7 37. Qc8+ Kh7 38. Nh2 Bd4 39. Nxg4 fxg4 40. Rxe4 g3 41. Be1 Rf7 42. Kf1 Bxf2 43. Qg4 Qf6 44. axb5 axb5 45. Re8 Bxe1+ 46. Kxe1 Qf1+ 47. Kd2 Qxg2+ 48. Re2 Qd5+ 49. Ke1 Rg7 0-1

[Event "Thüringenliga 2024/25"]
[Site "?"]
[Date "2025.04.27"]
[Round "8.7"]
[White "Müller, Gunther"]
[Black "Götting, Danilo"]
[Result "1/2-1/2"]
[WhiteElo "1724"]
[BlackElo "1725"]
[PlyCount "28"]
[EventDate "2024.09.15"]
[EventType "team-tourn"]
[EventRounds "9"]
[WhiteTeam "SV 1861 Liebschwitz"]
[BlackTeam "fuß brothers Jena"]

{[%evp 0,28,21,-13,21,0,2,17,5,10,10,15,24,22,19,4,6,-10,18,8,18,11,25,8,9,10,8,8,13,-3,-1]} 1. c4 c5 2. g3 Nc6 3. Bg2 g6 4. Nc3 Bg7 5. Nf3 e6 6. O-O Nge7 7. e3 d5 8. cxd5 Nxd5 9. d4 cxd4 10. Nxd4 Nxd4 11. Nxd5 exd5 12. exd4 O-O 13. Be3 Be6 14. Qb3 Qd7 1/2-1/2

[Event "Thüringenliga 2024/25"]
[Site "?"]
[Date "2025.04.27"]
[Round "8.8"]
[White "Darr, Sascha"]
[Black "Meissner, Steffen"]
[Result "1-0"]
[WhiteElo "2076"]
[BlackElo "1790"]
[PlyCount "103"]
[EventDate "2024.09.15"]
[EventType "team-tourn"]
[EventRounds "9"]
[WhiteTeam "fuß brothers Jena"]
[BlackTeam "SV 1861 Liebschwitz"]

{[%evp 0,103,21,21,46,51,44,28,37,52,47,38,16,5,5,4,-11,-2,-6,-21,-15,-4,-20,-29,-36,-35,-26,-33,-22,-57,-58,-88,-20,-4,-9,-63,-90,-98,-78,-107,-65,-54,-36,-37,-29,-16,-16,-26,-3,-14,13,9,2,-2,0,-2,-18,-15,37,49,53,49,96,104,128,127,131,112,170,33,156,121,167,156,178,156,213,214,212,159,178,140,123,142,193,107,122,149,162,143,166,172,208,195,195,195,220,202,245,197,196,202,326,353,348,360]} 1. e4 c5 2. Nf3 Nc6 3. Bb5 e6 4. O-O Nge7 5. Re1 a6 6. Bf1 d5 7. b3 d4 8. a4 Ng6 9. g3 e5 10. d3 Bd6 11. Nbd2 O-O 12. Nc4 Bc7 13. Bd2 Be6 14. Bg2 h6 15. h3 f5 16. exf5 Bxf5 17. Kh2 Be6 18. Bc1 Bd5 19. Ncd2 Ba5 20. Re2 Bxd2 21. Nxd2 Bxg2 22. Kxg2 Nge7 23. Ne4 b6 24. Bd2 Nd5 25. a5 Nxa5 26. Bxa5 bxa5 27. Qe1 Nb4 28. Qc1 Qb6 29. Qa3 a4 30. Qxa4 Rf7 31. Qa5 Qb7 32. Kh2 Raf8 33. Kg1 Qd7 34. Kh2 Nd5 35. Qa4 Qe6 36. Qc4 Qd7 37. Rxa6 Nc3 38. Nxc3 dxc3 39. Ra1 Kh8 40. Rf1 Qd4 41. Kg2 Rf5 42. Qxd4 exd4 43. Ra1 R8f7 44. Ra5 Kh7 45. g4 Rd5 46. Kg3 Rfd7 47. Re6 Rc7 48. f4 Kg8 49. Kf3 Kf7 50. f5 Re7 51. Rxe7+ Kxe7 52. Ke4 1-0

[Event "Thüringenliga 2024/25"]
[Site "?"]
[Date "2025.04.27"]
[Round "8.2"]
[White "Seidens, Gunter"]
[Black "Helmsdorf, Marius"]
[Result "0-1"]
[WhiteElo "1929"]
[BlackElo "2019"]
[PlyCount "62"]
[EventDate "2024.09.15"]
[EventType "team-tourn"]
[EventRounds "9"]
[WhiteTeam "VfL 1990 Gera"]
[BlackTeam "ESV Gera"]

{[%evp 0,62,17,21,26,-16,4,-17,7,-23,-13,-13,17,-9,7,7,-33,-174,-163,-156,-148,-170,-162,-162,-67,-159,-48,-48,-60,-82,-79,-80,-69,-69,-98,-90,-88,-81,-81,-81,-81,-86,-105,-104,-104,-149,-148,-255,-211,-173,-185,-185,-233,-306,-306,-493,-493,-639,-343,-719,-396,-827,-827,-1333,-733]} 1. d4 d5 2. c4 dxc4 3. Qa4+ Nc6 4. e3 Nf6 5. Bxc4 e5 6. dxe5 Nd7 7. Nf3 Nb6 8. Qc2 Nb4 9. Qb3 Nxc4 10. Qxc4 Be6 11. Qc3 Nxa2 12. Qc2 Nxc1 13. Qxc1 Bb4+ 14. Kf1 Qd3+ 15. Kg1 c5 16. Nc3 Bxc3 17. bxc3 O-O 18. h3 a5 19. Kh2 b5 20. Rd1 Qe4 21. Qb2 Rfb8 22. Rd6 a4 23. Kg1 h6 24. Kh2 b4 25. cxb4 cxb4 26. Rd4 Qb7 27. Rh4 a3 28. Qb1 a2 29. Qd3 Rd8 30. Nd4 b3 31. Qe2 Rxd4 0-1

[Event "Thüringenliga 2024/25"]
[Site "?"]
[Date "2025.04.27"]
[Round "8.3"]
[White "Puschendorf, Steffen"]
[Black "Huster, Mike"]
[Result "1-0"]
[WhiteElo "1970"]
[BlackElo "1932"]
[PlyCount "55"]
[EventDate "2024.09.15"]
[EventType "team-tourn"]
[EventRounds "9"]
[WhiteTeam "ESV Gera"]
[BlackTeam "VfL 1990 Gera"]

{[%evp 0,55,21,21,21,-4,-4,-23,-30,-24,-5,10,27,-4,17,11,15,0,59,38,33,35,70,69,109,86,80,90,86,72,72,61,121,60,62,55,55,50,86,83,101,73,121,100,116,125,154,167,329,334,303,321,313,313,313,302,538,382]} 1. d4 Nf6 2. c4 e6 3. g3 d5 4. Nf3 Be7 5. Bg2 O-O 6. O-O Nbd7 7. Qc2 c6 8. b3 Ne4 9. Nbd2 f5 10. Bb2 Ndf6 11. Ne5 Qe8 12. f3 Nxd2 13. Qxd2 b6 14. cxd5 cxd5 15. Rfc1 Bb7 16. Rc2 Bd6 17. Rac1 h6 18. Bf1 Qh5 19. e3 Rae8 20. Bb5 Re7 21. Qg2 a6 22. Bc6 Qg5 23. Qe2 Bc8 24. f4 Qh5 25. Qxh5 Nxh5 26. Ng6 Rc7 27. Nxf8 Bxf8 28. Bxd5 1-0

[Event "Thüringenliga 2024/25"]
[Site "?"]
[Date "2025.04.27"]
[Round "8.5"]
[White "Hanmuradov, Ülwi"]
[Black "Schönfeld, Volker"]
[Result "0-1"]
[WhiteElo "1794"]
[BlackElo "1853"]
[PlyCount "126"]
[EventDate "2024.09.15"]
[EventType "team-tourn"]
[EventRounds "9"]
[WhiteTeam "ESV Gera"]
[BlackTeam "VfL 1990 Gera"]

{[%evp 0,126,21,17,27,-4,45,42,76,83,57,58,56,56,44,37,33,29,43,42,40,45,64,61,149,87,133,127,31,31,-113,-83,-83,-84,-55,-67,-78,-62,-26,-54,-14,31,57,53,86,-11,-56,-80,-80,-80,-93,-106,-98,-109,-77,-77,-100,-197,-59,-89,-98,-153,-142,-149,-127,-160,-121,-121,-120,-174,-177,-185,-199,-198,-221,-225,-224,-241,-261,-263,-297,-297,-213,-240,-248,-272,-277,-274,-273,-286,-289,-290,-278,-271,-298,-290,-265,-267,-267,-273,-280,-260,-257,-299,-225,-270,-217,-225,-260,-329,-225,-243,-224,-301,-198,-346,-390,-397,-398,-401,-398,-404,-412,-420,-419,-524,-645,-721,-500]} 1. d4 Nf6 2. c4 g6 3. Nc3 d5 4. cxd5 Nxd5 5. e4 Nxc3 6. bxc3 Bg7 7. Bc4 c5 8. Ne2 Nc6 9. Be3 cxd4 10. cxd4 Qa5+ 11. Bd2 Qa3 12. Rb1 O-O 13. d5 Ne5 14. Bb4 Qf3 15. O-O Qxe4 16. Bb5 a6 17. Ng3 Qh4 18. Be2 h5 19. Qb3 Bg4 20. f3 Bd7 21. Ne4 Rfe8 22. g3 Qh3 23. Nf2 Qf5 24. f4 Ng4 25. Nxg4 hxg4 26. Bd3 Qh5 27. Be4 Rac8 28. Rbc1 b5 29. Kh1 Bf6 30. Bc3 Bf5 31. Bg2 Bd3 32. Rfd1 Bc4 33. Qb2 Bxc3 34. Rxc3 Rcd8 35. Qa3 Bxd5 36. Rcd3 Bxg2+ 37. Kxg2 Rxd3 38. Rxd3 Qf5 39. Qc3 Rc8 40. Qd2 Qe4+ 41. Kg1 Kh7 42. Re3 Qb1+ 43. Re1 Rc2 44. Rxb1 Rxd2 45. a4 bxa4 46. Ra1 Rd4 47. Kf2 Kg7 48. Ke3 Rb4 49. Kd3 Kf6 50. Kc3 a5 51. Rd1 a3 52. Rd5 Rb2 53. Rxa5 Rxh2 54. Rxa3 Rg2 55. Kd4 g5 56. Ke4 e6 57. Rb3 Re2+ 58. Kd3 Rf2 59. Ke4 gxf4 60. gxf4 Re2+ 61. Kd3 Re1 62. Kd4 Kf5 63. Rb7 f6 0-1

[Event "Thüringenliga 2024/25"]
[Site "?"]
[Date "2025.04.27"]
[Round "8.6"]
[White "Pekrul, Jürgen"]
[Black "Hilbig, Dieter"]
[Result "1/2-1/2"]
[WhiteElo "1822"]
[BlackElo "1813"]
[PlyCount "42"]
[EventDate "2024.09.15"]
[EventType "team-tourn"]
[EventRounds "9"]
[WhiteTeam "VfL 1990 Gera"]
[BlackTeam "ESV Gera"]

{[%evp 0,42,21,17,17,-7,-21,0,26,15,19,21,-1,-14,15,-10,-18,-1,15,6,25,22,29,20,31,35,40,40,49,34,33,25,59,50,58,58,63,28,50,39,27,32,40,29,38]} 1. Nf3 Nf6 2. g3 d5 3. Bg2 g6 4. O-O Bg7 5. d4 O-O 6. Ne5 c6 7. Nd2 Bf5 8. c3 Qc8 9. Re1 Re8 10. e4 dxe4 11. Nxe4 Nxe4 12. Bxe4 Bh3 13. Bg2 Bxg2 14. Kxg2 Nd7 15. Nf3 Nf6 16. Qb3 Qd7 17. Bd2 b6 18. c4 e6 19. Bc3 Rac8 20. Rad1 Qb7 21. a4 a6 1/2-1/2

[Event "Thüringenliga 2024/25"]
[Site "?"]
[Date "2025.04.27"]
[Round "8.8"]
[White "Fijalkowski, Jürgen"]
[Black "Barz, Henrik"]
[Result "1/2-1/2"]
[WhiteElo "1782"]
[BlackElo "1847"]
[PlyCount "44"]
[EventDate "2024.09.15"]
[EventType "team-tourn"]
[EventRounds "9"]
[WhiteTeam "VfL 1990 Gera"]
[BlackTeam "ESV Gera"]

{[%evp 0,44,21,21,41,36,22,29,9,20,12,11,39,4,-4,1,12,2,28,33,80,23,40,16,35,6,1,-12,13,-26,-2,-30,-46,-50,-50,-45,-37,-37,-18,-16,-17,-22,-15,-21,-17,-14,-20]} 1. e4 e6 2. d4 d5 3. exd5 exd5 4. Bd3 Bd6 5. Ne2 Qf6 6. c3 Ne7 7. Ng3 O-O 8. O-O c6 9. Qh5 g6 10. Qg5 Qxg5 11. Bxg5 f6 12. Bd2 Na6 13. Re1 Nc7 14. Ne2 Bf5 15. Bxf5 Nxf5 16. Bf4 Rae8 17. Bxd6 Nxd6 18. Nd2 Re7 19. Nf4 Rfe8 20. Rxe7 Rxe7 21. Kf1 Kf7 22. Re1 Rxe1+ 1/2-1/2

[Event "Landesklasse Ost 2024/25"]
[Site "?"]
[Date "2025.04.27"]
[Round "8.1"]
[White "Kreutzmann, Henry"]
[Black "Sondermann, Johannes"]
[Result "0-1"]
[WhiteElo "1801"]
[BlackElo "1980"]
[PlyCount "36"]
[EventDate "2024.09.15"]
[EventType "team-tourn"]
[EventRounds "9"]
[WhiteTeam "SV Thuringia Königsee"]
[BlackTeam "Meuselwitzer SV"]

{[%evp 0,36,27,-41,14,-22,-15,-11,-26,-29,-10,-23,-13,-20,-1,-26,28,12,27,20,28,26,20,40,21,34,55,50,105,110,97,20,32,5,-2,-257,-274,-458,-451]} 1. c4 e5 2. Nc3 Nf6 3. Nf3 Nc6 4. e3 Bb4 5. Be2 O-O 6. O-O Re8 7. Qc2 d5 8. cxd5 Nxd5 9. a3 Bf8 10. Rd1 Be6 11. b4 a6 12. Bb2 f5 13. Bc4 e4 14. Nxd5 Bxd5 15. Nd4 Ne5 16. Bxd5+ Qxd5 17. Qxc7 Nc4 18. Bc3 Bd6 0-1

[Event "Landesklasse Ost 2024/25"]
[Site "?"]
[Date "2025.04.27"]
[Round "8.2"]
[White "Naundorf, Johannes"]
[Black "Möller, Frank"]
[Result "1-0"]
[WhiteElo "1932"]
[BlackElo "1856"]
[PlyCount "73"]
[EventDate "2024.09.15"]
[EventType "team-tourn"]
[EventRounds "9"]
[WhiteTeam "Meuselwitzer SV"]
[BlackTeam "SV Thuringia Königsee"]

{[%evp 0,73,27,32,22,-10,-6,1,29,-12,30,41,56,56,29,18,21,23,26,26,31,29,40,44,37,38,63,60,64,62,68,55,67,44,64,70,115,71,63,66,73,83,132,148,130,140,140,144,136,139,121,125,125,93,147,117,151,159,173,151,170,151,269,285,242,251,251,280,280,284,299,304,299,299,335,335]} 1. d4 d5 2. Bg5 Nf6 3. Nf3 c6 4. e3 Bf5 5. Bd3 Bxd3 6. Qxd3 Nbd7 7. O-O e6 8. c4 dxc4 9. Qxc4 Be7 10. Nc3 Nd5 11. Bxe7 Qxe7 12. e4 Nf4 13. g3 Ng6 14. h4 h5 15. b4 Qf6 16. Ng5 Ne7 17. Rad1 Nb6 18. Qb3 Rd8 19. Ne2 O-O 20. Nf4 Rd7 21. Nxh5 Qh6 22. Nf4 Ng6 23. Ne2 Re7 24. f4 Qh5 25. Qf3 Qxf3 26. Rxf3 f5 27. Re3 Nc4 28. Rc3 b5 29. e5 Ra8 30. a4 a5 31. axb5 cxb5 32. bxa5 Rxa5 33. d5 exd5 34. Rxd5 Ra1+ 35. Kf2 Rb1 36. Nd4 Re8 37. Rxb5 1-0

[Event "Landesklasse Ost 2024/25"]
[Site "?"]
[Date "2025.04.27"]
[Round "8.3"]
[White "Häusler, Willi"]
[Black "Barth, Jürgen"]
[Result "1-0"]
[WhiteElo "1710"]
[BlackElo "1839"]
[PlyCount "87"]
[EventDate "2024.09.15"]
[EventType "team-tourn"]
[EventRounds "9"]
[WhiteTeam "SV Thuringia Königsee"]
[BlackTeam "Meuselwitzer SV"]

{[%evp 0,87,32,10,10,25,10,-1,61,-5,38,1,1,6,7,25,54,-7,80,95,114,70,95,80,87,47,84,74,71,67,82,82,92,87,92,63,89,64,89,68,60,79,52,86,125,0,140,95,107,50,158,97,156,156,195,205,214,195,240,246,196,232,234,175,179,179,184,172,180,164,166,172,175,171,184,293,293,275,268,117,347,322,472,539,700,826,1659,1167,1188,1210]} 1. e4 e5 2. Nf3 Nc6 3. Bb5 d6 4. c3 a6 5. Ba4 b5 6. Bb3 Na5 7. Bc2 Bg4 8. a4 Nb7 9. d4 c6 10. d5 c5 11. Qe2 Bd7 12. b4 c4 13. a5 Nf6 14. h3 Be7 15. Be3 Qc8 16. Nbd2 O-O 17. g4 Ne8 18. Nf1 f6 19. Ng3 g6 20. Nh2 Ng7 21. f4 Qe8 22. h4 Qd8 23. h5 exf4 24. Bxf4 g5 25. h6 Ne8 26. Be3 Rf7 27. Bd4 Qc8 28. Bd1 Bf8 29. Nhf1 Nd8 30. Ne3 Re7 31. Nef5 Bxf5 32. Nxf5 Rb7 33. Qd2 Nf7 34. Rh5 Qd8 35. Be2 Ne5 36. O-O-O Be7 37. Bxe5 dxe5 38. d6 Bf8 39. Ne7+ Bxe7 40. Qd5+ Kf8 41. Qxb7 Bxd6 42. Qxh7 Qe7 43. Qxe7+ Kxe7 44. h7 1-0

[Event "Landesklasse Ost 2024/25"]
[Site "?"]
[Date "2025.04.27"]
[Round "8.4"]
[White "Sniegowski, Richard"]
[Black "Steiger, Bernd"]
[Result "1-0"]
[WhiteElo "1816"]
[BlackElo "1783"]
[PlyCount "41"]
[EventDate "2024.09.15"]
[EventType "team-tourn"]
[EventRounds "9"]
[WhiteTeam "Meuselwitzer SV"]
[BlackTeam "SV Thuringia Königsee"]

{[%evp 0,41,22,10,10,10,14,21,4,4,7,-29,-21,-22,-8,-18,-13,-22,-8,-14,16,13,53,13,1,-22,0,-34,-3,-41,-24,-52,-31,-41,-49,-51,-59,-107,-76,-78,-78,-78,-78,-432]} 1. e4 e5 2. Nc3 Nc6 3. Bc4 Nf6 4. d3 Na5 5. Nf3 Nxc4 6. dxc4 d6 7. Qd3 Be7 8. h3 h6 9. Bd2 Nh7 10. O-O-O Ng5 11. Nd5 Ne6 12. Be3 b6 13. c3 O-O 14. g4 Ba6 15. Nd2 Rb8 16. Qe2 c6 17. Nxe7+ Qxe7 18. g5 hxg5 19. Rdg1 Nf4 20. Bxf4 gxf4 21. Rxg7+ 1-0

[Event "Landesklasse Ost 2024/25"]
[Site "?"]
[Date "2025.04.27"]
[Round "8.5"]
[White "Quandt, Friedbert"]
[Black "Große, Frank"]
[Result "1/2-1/2"]
[WhiteElo "1655"]
[BlackElo "1769"]
[PlyCount "49"]
[EventDate "2024.09.15"]
[EventType "team-tourn"]
[EventRounds "9"]
[WhiteTeam "SV Thuringia Königsee"]
[BlackTeam "Meuselwitzer SV"]

{[%evp 0,49,22,22,22,22,54,19,21,22,0,0,5,-17,44,29,61,10,0,-6,-13,-12,-17,-11,111,16,136,65,130,-26,-19,-18,-29,-37,-31,-83,-88,-89,-90,-109,-109,-112,-111,-159,-31,-124,-122,-117,-130,-136,-100,-145]} 1. d4 Nf6 2. Bf4 c6 3. c3 Qb6 4. Qb3 d6 5. Qxb6 axb6 6. Nd2 Nbd7 7. Ngf3 g6 8. e3 Nh5 9. Bg3 Nxg3 10. hxg3 Bg7 11. Bd3 f6 12. a3 e5 13. dxe5 dxe5 14. Nc4 Ke7 15. Bc2 b5 16. Ncd2 Nc5 17. O-O Be6 18. Rfc1 Rhd8 19. Kf1 Nd3 20. Bxd3 Rxd3 21. c4 Rad8 22. Ke1 bxc4 23. Nxc4 Bg8 24. Na5 R8d7 25. Rd1 1/2-1/2

[Event "Landesklasse Ost 2024/25"]
[Site "?"]
[Date "2025.04.27"]
[Round "8.6"]
[White "Schmidt, Jörg"]
[Black "Müller, Finn"]
[Result "1-0"]
[WhiteElo "1665"]
[BlackElo "1374"]
[PlyCount "109"]
[EventDate "2024.09.15"]
[EventType "team-tourn"]
[EventRounds "9"]
[WhiteTeam "Meuselwitzer SV"]
[BlackTeam "SV Thuringia Königsee"]

{[%evp 0,109,22,10,66,59,43,51,65,57,60,42,52,21,7,18,0,0,3,8,1,-12,9,4,4,-9,-2,-6,-4,-2,5,-22,-41,-11,6,-12,4,-2,-17,-12,-6,-12,-21,-39,-58,-75,-55,-45,-18,-32,27,-58,26,24,63,64,64,26,352,-22,-17,-94,74,118,330,100,90,106,98,3,23,15,23,30,30,17,16,17,0,0,83,81,126,129,133,139,255,255,269,275,269,286,330,304,402,304,312,330,368,406,393,516,661,700,703,718,737,515,868,710,1092,1170]} 1. e4 c6 2. Nc3 d5 3. exd5 cxd5 4. d4 Nc6 5. Nf3 Bg4 6. Be2 Nf6 7. h3 Bxf3 8. Bxf3 e6 9. O-O Qb6 10. Ne2 Bd6 11. c3 h6 12. Ng3 Ne7 13. Qa4+ Nc6 14. Re1 O-O 15. Nf1 Rfe8 16. Ne3 Nh7 17. Ng4 Qd8 18. Ne5 Bxe5 19. dxe5 Ng5 20. Qg4 Nxf3+ 21. gxf3 Kh7 22. Qh5 f6 23. f4 f5 24. Kh2 d4 25. Rd1 Qb6 26. cxd4 Rad8 27. Be3 g6 28. Qe2 Nxd4 29. Rxd4 Rxd4 30. Rd1 Red8 31. Qc2 g5 32. Qc3 Rxd1 33. Bxb6 axb6 34. Qc7+ R8d7 35. Qxb6 Re7 36. fxg5 hxg5 37. Qb4 Rdd7 38. a4 Kg6 39. Kg3 f4+ 40. Kg4 Rh7 41. Qe4+ Kh6 42. h4 gxh4 43. Qxf4+ Kg7 44. Qf6+ Kg8 45. Qxe6+ Rdf7 46. Kh3 Kh8 47. Qc8+ Kg7 48. Qg4+ Kh8 49. e6 Re7 50. f4 Reg7 51. Qf5 Rg3+ 52. Kh2 Rhg7 53. Qh5+ Rh7 54. e7 Rg8 55. Qe5+ 1-0